| 000 | 01942cam a2200625Ia 4500 | ||
|---|---|---|---|
| 020 | _a0022443665 (Grade K) | ||
| 020 | _a9780022443665 (Grade K) | ||
| 020 | _a0022442995 (Grade 1) | ||
| 020 | _a9780022442996 (Grade 1) | ||
| 020 | _a0022443002 (Grade 2) | ||
| 020 | _a9780022443009 (Grade 2) | ||
| 020 | _a0022443010 (Grade 3) | ||
| 020 | _a9780022443016 (Grade 3) | ||
| 020 | _a0022443029 (Grade 4) | ||
| 020 | _a9780022443023 (Grade 4) | ||
| 020 | _a0022443037 (Grade 5) | ||
| 020 | _a9780022443030 (Grade 5) | ||
| 020 | _a0022443045 (Grade 6) | ||
| 020 | _a9780022443047 (Grade 6) | ||
| 020 | _a0022443053 (Grade 7) | ||
| 020 | _a9780022443054 (Grade 7) | ||
| 020 | _a0022443673 (Grade K) | ||
| 020 | _a9780022443672 (Grade K) | ||
| 020 | _a002244307X (Grade 1) | ||
| 020 | _a9780022443078 (Grade 1) | ||
| 020 | _a0022443088 (Grade 2) | ||
| 020 | _a9780022443085 (Grade 2) | ||
| 020 | _a0022443096 (Grade 3) | ||
| 020 | _a9780022443092 (Grade 3) | ||
| 020 | _a0022443126 (Grade 4) | ||
| 020 | _a9780022443122 (Grade 4) | ||
| 020 | _a002244310X (Grade 5) | ||
| 020 | _a9780022443108 (Grade 5) | ||
| 020 | _a0022443118 (Grade 6) | ||
| 020 | _a9780022443115 (Grade 6) | ||
| 020 | _a0022443134 (Grade 7) | ||
| 020 | _a9780022443139 (Grade 7) | ||
| 020 | _a0022443142 (Grade 8) | ||
| 020 | _a9780022443146 (Grade 8) | ||
| 040 | _cSEM | ||
| 082 | _a372 HIL 1998 A016 Or. | ||
| 100 | 1 | _aMcCallum, Ann. | |
| 245 | 1 | 0 | _aLanguage arts today / |
| 246 | 1 | _aMcGraw Hill | |
| 250 | _aClassic ed. | ||
| 260 |
_aNew York : _bMcGraw-Hill School Division, _cc1998. |
||
| 300 |
_a9 v. : _bcol. ill. ; _c24-28 cm. + _eteacher's edition. |
||
| 500 | _aEach volume is a separate grade level: K - 8. | ||
| 650 | 0 | _aLanguage arts (Elementary) | |
| 650 | 0 | _aLanguage arts (Primary) | |
| 650 | 0 | _aEnglish language | |
| 700 | 1 | _aStrong, William, | |
| 700 | 1 | _aThoburn, Tina. | |
| 942 | _cEK | ||
| 999 |
_c11904 _d11904 |
||